サッカー 欧州5大リーグ - Statistics

General Stats
  • This quiz has been taken 220 times
  • The average score is 4 of 5
Answer Stats
地域 リーグ % Correct
イングランド プレミアリーグ /Premier League
97%
ドイツ ブンデスリーガ /Bundesliga
83%
イタリア セリエA /Serie A
80%
スペイン ラ・リーガ /La Liga
73%
フランス リーグ・アン /Ligue 1
69%
No matching quizzes found
Score Distribution
Percent of People with Each Score
Percentile by Number Answered
Your Score History
You have not taken this quiz